Militaries Better Than Nigeria - Sudden Death - Statistics

General Stats
  • This quiz has been taken 38 times
  • The average score is 3 of 15
Answers on the Grid
Answers color-coded by a green-red scale on the quiz's grid according to % correct below.
Mexico
Argentina
North Korea
Greece
Singapore
Canada
Bangladesh
Netherlands
Myanmar
Sweden
Algeria
Thailand
Norway
Portugal
South Africa
Saudi Arabia
Taiwan
Vietnam
Philippines
Iraq
Malaysia
Poland
Ukraine
Egypt
Switzerland
Denmark
Colombia
Australia
Iran
Spain
 
Answer Stats
Answer % Correct
Iran
41%
Spain
35%
Vietnam
35%
Egypt
29%
Australia
24%
Canada
24%
Poland
24%
Saudi Arabia
24%
Singapore
24%
Thailand
24%
Algeria
18%
Taiwan
18%
Ukraine
12%
Greece
6%
Sweden
6%
No matching quizzes found
Score Distribution
Percent of People with Each Score
Percentile by Number Answered
Your Score History
You have not taken this quiz